header

Aryans, Jews, Brahmins (Record no. 212085)

MARC details
000 -LEADER
fixed length control field 01513nam a2200385Ia 4500
082 04 - DEWEY DECIMAL CLASSIFICATION NUMBER
Classification number 934
100 1# - MAIN ENTRY--AUTHOR NAME
Personal name Figueira, Dorothy Matilda,
245 10 - TITLE STATEMENT
Title Aryans, Jews, Brahmins
260 ## - PUBLICATION, DISTRIBUTION, ETC. (IMPRINT)
Place of publication Albany :
Name of publisher State University of New York Press,
Year of publication c2002.
300 ## - PHYSICAL DESCRIPTION
Number of Pages viii, 205 p.
490 0# - SERIES STATEMENT
Series statement SUNY series, the margins of literature
650 #0 - SUBJECT ADDED ENTRY--TOPICAL TERM
Topical Term Indo-Aryans.
Topical Term Vedic literature
Topical Term Racism
Topical Term Antisemitism.
856 40 - ELECTRONIC LOCATION AND ACCESS
Uniform Resource Identifier http://site.ebrary.com/lib/rucke/Doc?id=10587206

No items available.

© 2026 Rongo University
Contact us: librarian | system librarian | Rongo university